000 00696nam a2200241 i 4500
001 17840
003 ES-MaACL
005 20231222184130.0
007 t|
008 010605s2001 sp |||| |bspa d
020 _a84-8307-331-5
080 _a929 Baroja, Pío
100 1 _aGil Bera, Eduardo.
_956771
245 1 0 _aBaroja o el miedo
_b: biografía no autorizada /
_cEduardo Gil Bera.
250 _a1ª ed.
260 _aBarcelona :
_bPenínsula,
_c2001.
300 _a445 p. ;
_c23 cm.
490 1 _aAtalaya ;
_v63
600 1 4 _aBaroja, Pío,
_d1872-1956-
_xBiografías
_925754
830 0 _aAtalaya ;
_v63
_9180261
852 _aES-MaACL
_jL-24636
999 _c17840
_d17840